000 00494nam a2200181Ia 4500
001 3128
005 20260306144858.0
008 260306t2018||||xx |||||||||||||| ||spa||
041 _aESP
082 _a260
_bS38
100 _aInstituto Superior de Pastoral
_eAUT
245 0 _aConversión personal, conversión pastoral:
_bvivir en cristiano en tiempos de incertidumbre
260 _c2018
300 _a205 páginas :
_c20 cm.
650 _aGEN
654 _aCHU
942 _cLIB
_dJUS
_fJUS
_2ddc
_n
999 _c3128
_d3128